MARC

LEADER 00000nas a2200000 i 4500
001 ssj0001076711
003 WaSeSS
005 20200512172242.0
006 m d
007 cr n
008 131228c20119999fr q| p|s|||||| |0eng d
022 |a 2223-0939  |l 2223-0939 
035 |a (WaSeSS)ssj0001076711 
040 |a WaSeSS  |b eng  |c WaSeSS  |d WaSeSS 
050 1 4 |a HD2741 
210 1 |a OECD corp. gov. work. pap. 
222 0 |a OECD corporate governance working papers 
245 0 0 |a OECD corporate governance working papers  |h [electronic resource]. 
246 1 |a Organisation for Economic Cooperation and Development corporate governance working papers 
260 |a Paris :  |b Organisation for Economic Cooperation and Development (OECD),  |c 2011- 
310 |a Quarterly 
362 1 |a Began with Number 1 (2011). 
506 |a License restrictions may limit access. 
588 |a Description based on: Number 1 (2011); title from article pdf (ProQuest, viewed Dec. 28, 2013). 
588 |a Latest issue consulted: Number 9 (2013) (viewed Dec. 28, 2013). 
650 0 |a Corporate governance  |v Periodicals. 
655 0 |a Electronic journals. 
856 4 0 |z Full text available from Research Library: 01/01/2011 to 12/31/2016  |u https://search.proquest.com/publication/2026406 
856 4 0 |z Full text available from Research Library: 01/01/2019 to 6 months ago  |u https://search.proquest.com/publication/2026406